| 000 | 00451nam a22001337a 4500 | ||
|---|---|---|---|
| 082 |
_a001 _bHOL/G |
||
| 100 | _aHOLYGRACE | ||
| 245 | _aGRACEAN STEM LINING- COLLECTION OF ACTION RESEARCHES AND CASE STUDIES | ||
| 246 |
_aGRACEAN STEM LINING- COLLECTION OF ACTION RESEARCHES AND CASE STUDIES _bGRACEAN STEM LINING- COLLECTION OF ACTION RESEARCHES AND CASE STUDIES |
||
| 260 |
_aTRICHY _bRYAN _c2025 |
||
| 300 | _a61 | ||
| 650 | _aMOTIVATIONAL | ||
| 942 | _cBK | ||
| 999 |
_c9185 _d9185 |
||